Schooling and Decentralization: (Record no. 264477)
[ view plain ]
| 000 -LEADER | |
|---|---|
| fixed length control field | 00565nam a22001817a 4500 |
| 003 - CONTROL NUMBER IDENTIFIER | |
| control field | OSt |
| 005 - DATE AND TIME OF LATEST TRANSACTION | |
| control field | 20240906142834.0 |
| 008 - FIXED-LENGTH DATA ELEMENTS--GENERAL INFORMATION | |
| fixed length control field | 240906b xxu||||| |||| 00| 0 eng d |
| 020 ## - INTERNATIONAL STANDARD BOOK NUMBER | |
| International Standard Book Number | 9789280313482 |
| 040 ## - CATALOGING SOURCE | |
| Transcribing agency | RU |
| 050 ## - LIBRARY OF CONGRESS CALL NUMBER | |
| Classification number | LC95 |
| Item number | .L84 2010 |
| 110 ## - MAIN ENTRY--CORPORATE NAME | |
| Corporate name or jurisdiction name as entry element | UNESCO/IIEP |
| 245 ## - TITLE STATEMENT | |
| Title | Schooling and Decentralization: |
| Remainder of title | Patterns and Policy Implications in Francophone West Africa |
| Statement of responsibility, etc | Candy Lugaz and Anton De Grauwe |
| 260 ## - PUBLICATION, DISTRIBUTION, ETC. (IMPRINT) | |
| Place of publication, distribution, etc | Paris, France |
| Name of publisher, distributor, etc | UNESCO |
| -- | IIEP |
| Date of publication, distribution, etc | 2010 |
| 300 ## - PHYSICAL DESCRIPTION | |
| Extent | 153p. |
| 490 ## - SERIES STATEMENT | |
| Series statement | Management Reform for Education for All (EFA) |
| 942 ## - ADDED ENTRY ELEMENTS (KOHA) | |
| Source of classification or shelving scheme | Library of Congress Classification |
| Koha item type | Research and Special Collections |
| Withdrawn status | Lost status | Source of classification or shelving scheme | Damaged status | Not for loan | Collection code | Home library | Current library | Shelving location | Date acquired | Total Checkouts | Full call number | Barcode | Date last seen | Price effective from | Koha item type |
|---|---|---|---|---|---|---|---|---|---|---|---|---|---|---|---|
| Library of Congress Classification | Non-fiction | Rongo University Library | Rongo University Library | General Stacks | 06/09/2024 | LC95 .L84 2010 | 202401166 | 06/09/2024 | 06/09/2024 | Research and Special Collections |
